Империализм, как высшая стадия капитализма: популярный очерк

Λεπτομέρειες βιβλιογραφικής εγγραφής
Κύριος συγγραφέας: Ленин В. И. Владимир Ильич
Άλλοι συγγραφείς: Терещенко В. И. (художник)
Περίληψη:В суперобложке
Работа написана В. И. Лениным в 1916 г..
Γλώσσα:Ρωσικά
Έκδοση: Москва, Изд-во политической лит-ры, 1980
Θέματα:
Μορφή: Βιβλίο
KOHA link:https://koha.lib.tpu.ru/cgi-bin/koha/opac-detail.pl?biblionumber=98833

MARC

LEADER 00000nam0a2200000 4500
001 98833
005 20260326071549.0
035 |a (RuTPU)RU\TPU\book\105973 
090 |a 98833 
100 |a 20060622d1980 km y0rusy50 ca 
101 0 |a rus 
102 |a RU 
105 |a a z 001cy 
200 1 |a Империализм, как высшая стадия капитализма  |e популярный очерк  |f В. И. Ленин  |g худ. В. И. Терещенко 
210 |a Москва  |c Изд-во политической лит-ры  |d 1980 
215 |a 186 с.  |c ил.  |d 18,5 см. 
300 |a В суперобложке 
300 |a Работа написана В. И. Лениным в 1916 г.. 
320 |a Примечания: с. 171-185. 
606 |a Ленин В. И.  |j Отдельные произведения  |7 ca  |8 rus  |9 86288 
610 1 |a история 
610 1 |a 19 век 
610 1 |a 20 век 
610 1 |a капитализм 
610 1 |a капиталистическое производство 
610 1 |a империализм 
610 1 |a капиталистическое хозяйство 
686 |a Т3(2)6-8Ленин156  |2 rubbk 
700 1 |a Ленин  |b В. И.  |c настоящая фамилия Ульянов  |c российский политический деятель  |f 1870-1924  |g Владимир Ильич  |3 (RuTPU)RU\TPU\pers\1074  |9 486 
702 1 |a Терещенко  |b В. И.  |4 040 
801 1 |a RU  |b 63413507  |c 20060622  |g PSBO 
801 2 |a RU  |b 63413507  |c 20130418  |g PSBO 
942 |c BK